书目信息 |
| 题名: |
语言常识全知道
|
|
| 作者: | 文若愚 编著 | |
| 分册: | ||
| 出版信息: | 北京 中国华侨出版社 2011 |
|
| 页数: | 336页 | |
| 开本: | 29cm | |
| 丛书名: | ||
| 单 册: | ||
| 中图分类: | H1-49 , H12-49 | |
| 科图分类: | ||
| 主题词: | 汉语--通俗读物 , 汉字--通俗读物 , 汉语 , 汉字 | |
| 电子资源: | ||
| ISBN: | 978-7-5113-1276-1 | |
| 000 | 00952nam0 2200277 45 | |
| 001 | 012001002840 | |
| 005 | 20140926114740.0 | |
| 010 | @a978-7-5113-1276-1@dCNY59.80 | |
| 100 | @a20110422d2011 em y0chiy50 ea | |
| 101 | 0 | @achi |
| 102 | @aCN@b110000 | |
| 105 | @ay z 000yy | |
| 106 | @ar | |
| 200 | 1 | @a语言常识全知道@9yu yan chang shi quan zhi dao@e超值白金版@f文若愚编著 |
| 210 | @a北京@c中国华侨出版社@d2011 | |
| 215 | @a336页@d29cm | |
| 330 | @a本书从字、词、句入手,对语言常识进行了讲解,分为“中国的第五大发明——汉字”、“最小的造句单位——词语”、“约定俗成的四字结构——成语”、“简练而形象化的俗语”、“妙不可言的现成话——谚语”、“妙趣横生的诗词与文章”等十二章内容。 | |
| 606 | 0 | @a汉语@j通俗读物 |
| 606 | 0 | @a汉字@j通俗读物 |
| 606 | 0 | @a汉语 |
| 606 | 0 | @a汉字 |
| 690 | @aH1-49@v4 | |
| 690 | @aH12-49@v4 | |
| 701 | 0 | @a文若愚@9wen ruo yu@4编著 |
| 801 | 0 | @aCN@b上海新华@c20180901 |
| 905 | @b1158704-8@dH1-49@e179@f5 | |
| 语言常识全知道:超值白金版/文若愚编著.-北京:中国华侨出版社,2011 |
| 336页;29cm |
| ISBN 978-7-5113-1276-1:CNY59.80 |
| 本书从字、词、句入手,对语言常识进行了讲解,分为“中国的第五大发明——汉字”、“最小的造句单位——词语”、“约定俗成的四字结构——成语”、“简练而形象化的俗语”、“妙不可言的现成话——谚语”、“妙趣横生的诗词与文章”等十二章内容。 |
| ● |
| 相关链接 |
|
|
|
|
正题名:语言常识全知道
索取号:H1-49/179
 
预约/预借
| 序号 | 登录号 | 条形码 | 馆藏地/架位号 | 状态 | 备注 |
| 1 | 1158704 | 211587040 | 第二样本阅览室/ [索取号:H1-49/179] | 在馆 | |
| 2 | 1158705 | 211587059 | 第四借阅区/ [索取号:H1-49/179] | 在馆 | |
| 3 | 1158706 | 211587068 | 第四借阅区/ [索取号:H1-49/179] | 在馆 | |
| 4 | 1158707 | 211587077 | 第四借阅区/ [索取号:H1-49/179] | 在馆 | |
| 5 | 1158708 | 211587086 | 密集书库-文学院/ [索取号:H1-49/179] | 在馆 |